000
00319nam a2200133Ia 4500
008
190723s9999 xx 000 0 und d
020
_a
978-1-25-909863-5
100
_a
Hayt, Kemmerly
245
0
_a
Engineering Circuit Analysis
250
_a
8th
260
_a
Chennai
_b
McGraw Hill
_c
2017
300
_a
858
942
_c
BK
999
_c
1374
_d
1374